Statistics for Norgesmestere i fotball (1902-2019)

Click here to take the quiz!

General Stats

  • This quiz has been taken 40 times
  • The average score is 97 of 114

Answer Stats

ÅrNorgesmester% Correct
1975 | 1993Bodø/Glimt
100%
1903 | 1904 | 1905 | +9 othersOdd
100%
1960 | 1964 | 1971 | +9 othersRosenborg
100%
1908 | 1909 | 1910 | +5 othersLyn
95%
1998Stabæk
95%
1986 | 1996Tromsø
95%
1923 | 1925 | 1972 | +3 othersBrann
90%
1932 | 1935 | 1936 | +8 othersFredrikstad
90%
1977 | 1978 | 1981 | +3 othersLillestrøm
90%
1994 | 2005 | 2013 | 2014Molde
90%
1969 | 1970 | 1973 | +2 othersStrømsgodset
90%
1980 | 1997 | 2002 | 2008Vålerenga
90%
1953 | 1959 | 1979 | +3 othersViking
90%
2009 | 2011Aalesund
85%
2012Hødd
85%
1947 | 1954 | 1955 | +5 othersSkeid
85%
1917 | 1929 | 1939 | +3 othersSarpsborg FK
80%
1933 | 1934 | 1937Mjøndalen
65%
1962Gjøvik-Lyn
60%
1983Moss
60%
1987Bryne
55%
1914 | 1916 | 1921Frigg
55%
1907 | 1912Mercantile
50%
1920 | 1927 | 1928 | 1930Ørn
45%
1902Grane
25%
1918Kvik Halden
25%
1952Sparta
25%

Score Distribution

Percentile by Number Answered

Percent of People with Each Score

Your Score History

You have not taken this quiz